00953nas a2200241Ia 4500001001100000003000900011008004100020040001300061040001300074041001300087100004100100210001700141222001700158240009400175245011100269250001100380260004600391501008600437300001700523362003500540500010000575650003600675R020/B1009IT-RoPAU151124c99999999xx |||||||||||| ||und|| aIT-RoPAU cIT-RoPAU aITALIANO aLodge JackgCodice Aut. SPICS: 36874 aGRIFFITHIANA aGriffithiana aFIRST OF THE IMMORTALS: THE CAREER OF GEORGE LOANE TUCKERgCodice Tit. Orig. Spics: B1011 aGRIFFITHIANA, ANNO 12-N.37 (DICEMBRE 1989)bPrimo Degli Immortali (Il): la Carriera di George Loane Tucker a1a ed. aGEMONA (UDINE)bCINETECA DEL FRIULIc1989 bPaulus - SPICS - Società San Paolo EM (non-commercial uses only)cCopyright2015 a31 p. [5-35] aANNO 012, N.37 (DICEMBRE 1989) aNew York e la Imp. London Film Company. Riflessioni e Note Critiche su Tucker e Sul Suo Cinema. aCINEMAvPUBBLICAZIONE PERIODICA